Liczby kwantowe - Statystyki

Ogólne statystyki
  • Ten quiz został rozwiązany 66 razy
  • Średni wynik to 5 z 10
Statystyki odpowiedzi
Własność Liczba kwantowa % Poprawnych
Określa ona liczbę podpowłok w danej powłoce elektronowej oraz mówi o kształcie orbitalu. l
94%
Określa odległość elektronu od jądra n
88%
Określa zachowanie elektronu w zewnętrznym polu magnetycznym oraz mówi o przestrzennej orientacji orbitalu m
83%
Pełna nazwa powyższej liczby Główna liczba kwantowa
71%
Określa spin elektronu s
58%
Decyduje o orientacji przestrzennej wektora spinu elektronu ms
52%
Pełna nazwa powyższej liczby Magnetyczna spinowa liczba kwantowa
29%
Pełna nazwa powyższej liczby Spinowa liczba kwantowa
27%
Pełna nazwa powyższej liczby Orbitalna liczba kwantowa
19%
Pełna nazwa powyższej liczby Magnetyczna orbitalna liczba kwantowa
6%
Nie znaleziono quizów pasujących do podanych kryteriów
Rozkład punktacji
Procent ludzi z każdym wynikiem
Percentyl według liczby udzielonych odpowiedzi
Twoja historia wyników
Nie rozwiązałeś tego quizu